000 00638nam a22001577a 4500
003 OSt
005 20150914105401.0
008 150914b xxu||||| |||| 00| 0 eng d
040 _cRUA
082 _2AGR LOU 2001 B023 Or.1
100 _9444
_aLOU, LYKHEAN.
245 _aComparing of fertilizer on ohillipepper crop in royal universityof agriculture ការប្រៀបធៀបលើដំណាំមេ្ទសក្នុងលក្ខ័ខណ្ធ័សាកលវិទ្យាល័យភូមិន្នកសិកម្ម
260 _aPhnom Penh
_bRUA
_c2001
300 _aIII, 65p.
_bill.
_c29cm.
942 _2ddc
_cAGR
999 _c424
_d424